000 00372 a2200169 4500
001 188507
020 _a978-85-262-4444-3
040 _cMagnum
100 _aCony, Carlos Heitor
240 1 0 _aO primo basílio
_lpor
245 1 0 _aO primo basílio
300 _a135
362 0 _a2008
440 1 _aScipione
697 _aLITERATURA JUVENIL ESTRANGEIRA
942 _cBK
999 _c188507
_d188507